[Event "Moscow Time of the First U11"]
[Site "Moscow"]
[Date "2019.06.21"]
[Round "6"]
[White "Ushakov, Dmitriy R"]
[Black "Artelnykh, Leonid"]
[Result "0-1"]
[WhiteElo "1048"]
[BlackElo "1249"]
[PlyCount "110"]
[EventDate "2019.06.17"]
[EventType "swiss"]
[EventRounds "9"]
[EventCountry "RUS"]
[SourceTitle "EXT 2021"]
[Source "ChessBase"]
[SourceDate "2020.10.23"]
[SourceVersion "1"]
[SourceVersionDate "2020.10.23"]
[SourceQuality "1"]

1. e4 c6 2. d4 d5 3. e5 c5 4. c3 Nc6 5. Nf3 Bg4 6. Be2 e6 7. h3 Bxf3 8. Bxf3 cxd4 9. cxd4 Qb6 10. Nc3 Qxd4 11. Qxd4 Nxd4 12. Bd1 Bb4 13. Ba4+ b5 14. Bd1 Nc6 15. Bd2 Bxc3 16. Bxc3 b4 17. Bd2 Nxe5 18. Be2 a5 19. Bb5+ Nd7 20. Bxd7+ Kxd7 21. a3 b3 22. Rc1 a4 23. 0-0 Ne7 24. Bb4 Nc6 25. Bc3 f6 26. f4 Rhc8 27. Bd2 Nd4 28. Kf2 Rc2 29. Ke3 Nf5+ 30. Kd3 Rxb2 31. Kc3 Ra2 32. Rf2 Nd6 33. Re2 Rc8+ 34. Kd3 Rxc1 35. Bxc1 Nc4 36. g4 Rxe2 37. Kxe2 b2 38. Bxb2 Nxb2 39. Kd2 Nc4+ 40. Kc3 Nxa3 41. Kb4 Nc2+ 42. Kxa4 d4 43. Kb3 Ne3 44. Kb2 e5 45. fxe5 fxe5 46. Kc1 e4 47. Kd2 Kd6 48. Ke2 Nd5 49. h4 d3+ 50. Kd2 Nb6 51. Ke3 Nc4+ 52. Kf2 e3+ 53. Ke1 d2+ 54. Ke2 Nb2 55. Kxe3 d1Q 0-1

[Event "Moscow Time of the First U11"]
[Site "Moscow"]
[Date "2019.06.20"]
[Round "5"]
[White "Artelnykh, Leonid"]
[Black "Averin, Nikolay"]
[Result "0-1"]
[WhiteElo "1249"]
[BlackElo "1756"]
[PlyCount "38"]
[EventDate "2019.06.17"]
[EventType "swiss"]
[EventRounds "9"]
[EventCountry "RUS"]
[SourceTitle "EXT 2021"]
[Source "ChessBase"]
[SourceDate "2020.10.23"]
[SourceVersion "1"]
[SourceVersionDate "2020.10.23"]
[SourceQuality "1"]

1. d4 d5 2. c4 e6 3. Nc3 Nf6 4. Bg5 Nbd7 5. e3 c6 6. cxd5 exd5 7. Bd3 Bd6 8. Nge2 Nf8 9. 0-0 Bxh2+ 10. Kh1 Bd6 11. f3 Ng6 12. e4 h6 13. Bxf6 Qxf6 14. e5 Nxe5 15. dxe5 Qh4+ 16. Kg1 Bc5+ 17. Nd4 Bxd4+ 18. Rf2 Qxf2+ 19. Kh2 Qh4# 0-1

[Event "Moscow Time of the First U11"]
[Site "Moscow"]
[Date "2019.06.19"]
[Round "4"]
[White "Engelgardt, Sergey"]
[Black "Artelnykh, Leonid"]
[Result "0-1"]
[WhiteElo "1085"]
[BlackElo "1249"]
[PlyCount "64"]
[EventDate "2019.06.17"]
[EventType "swiss"]
[EventRounds "9"]
[EventCountry "RUS"]
[SourceTitle "EXT 2021"]
[Source "ChessBase"]
[SourceDate "2020.10.23"]
[SourceVersion "1"]
[SourceVersionDate "2020.10.23"]
[SourceQuality "1"]

1. d4 c6 2. e4 d5 3. exd5 cxd5 4. Bb5+ Nc6 5. Nc3 Nf6 6. Nf3 Bg4 7. h3 Bh5 8. g4 Bg6 9. Ne5 Rc8 10. h4 h6 11. Bf4 Bh7 12. Nxc6 bxc6 13. Ba6 Ra8 14. Bb7 Rc8 15. Bxc8 Qxc8 16. f3 e6 17. Qd2 Bb4 18. a3 Ba5 19. 0-0-0 Nd7 20. Bd6 Nb6 21. b3 Qa6 22. g5 h5 23. g6 Bxg6 24. Qg5 Nc8 25. Bb4 Bxb4 26. axb4 Qa3+ 27. Kd2 Qxb4 28. Qe5 0-0 29. Rhg1 c5 30. Rxg6 fxg6 31. Qxe6+ Kh7 32. Rg1 Qxd4+ 0-1